Statystyki dla Liban - Muhafazy Libanu (Podział administracyjny Libanu) - Mapa

Kliknij tutaj aby rozwiązać quiz!

Ogólne statystyki

  • Ten quiz został rozwiązany 19 razy
  • Średni wynik to 3 z 9

Odpowiedzi na mapie

Odpowiedzi skodowane kolorowo w zielono-czerwonej skali na mapie do tego quizu, zgodnie z poniższymi procentami.
 

Statystyki odpowiedzi

MuhafazaStolica% Poprawnych
BejrutBejrut
100%
Dystrykt Północny
Trypolis
30%
Dystrykt PołudniowySydon
30%
AkkarHalba
20%
An-NabatijjaAn-Nabatijja
20%
Baalbek - Al-HirmilBaalbek
20%
BekaaZahla
20%
Dżabal LubnanBabda
20%
Kasarwan - DżubajlDżunija
20%

Rozkład punktacji

Percentyl według liczby udzielonych odpowiedzi

Procent ludzi z każdym wynikiem

Twoja historia wyników

Nie rozwiązałeś tego quizu